Antología de poesía mexicana / (Record no. 24844)

MARC details
000 -LEADER
campo de control de longitud fija 00524nam a2200181 i 4500
001 - NÚMERO DE CONTROL
campo de control 24844
003 - IDENTIFICADOR DE NÚMERO DE CONTROL
campo de control ES-MaACL
005 - FECHA Y HORA DE LA ÚLTIMA TRANSACCIÓN
campo de control 20240412101705.0
007 - CAMPO FIJO DE DESCRIPCIÓN FÍSICA--INFORMACIÓN GENERAL
campo de control de longitud fija t|
008 - DATOS DE LONGITUD FIJA--INFORMACIÓN GENERAL
campo de control de longitud fija 021219s1936 sp |||| |dspa d
245 00 - MENCIÓN DEL TÍTULO
Título Antología de poesía mexicana /
Mención de responsabilidad, etc. [selección de] Eduardo de Ory.
260 ## - PUBLICACIÓN, DISTRIBUCIÓN, ETC.
Lugar de publicación, distribución, etc. Madrid :
Nombre del editor, distribuidor, etc. M. Aguilar,
Fecha de publicación, distribución, etc. 1936 (
Fabricante Bolaños y Aguilar)
300 ## - DESCRIPCIÓN FÍSICA
Extensión 408 p. ;
Dimensiones 19 cm.
650 #7 - PUNTO DE ACCESO ADICIONAL DE MATERIA--TÉRMINO DE MATERIA
Término de materia o nombre geográfico como elemento de entrada Poesía mexicana
Fuente del encabezamiento o término
9 (RLIN) 146732
700 1# - ENTRADA AGREGADA--NOMBRE PERSONAL
Nombre de persona Ory, Eduardo de.
9 (RLIN) 87707
852 ## - LOCALIZACIÓN
Ubicación ES-MaACL
Número de control de estantería A-4406
Holdings
Estatus retirado Estado de pérdida Estado de daño No para préstamo Biblioteca de origen Biblioteca actual Ubicación en estantería Fecha de adquisición Fuente de adquisición Total de préstamos Signatura topográfica completa Código de barras Visto por última vez Precio de reemplazo Tipo de ítem Koha
        Biblioteca del Ateneo de Madrid Biblioteca del Ateneo de Madrid Sala Pecera Planta 1 17/01/2008     A-4406 1025613 23/02/2023 23/02/2023 Libro impreso